000 00519cam a2200181ua 4500
001 10693
008 190327n ii |||gr||||Z||||||eng
020 _a9788184244533
040 _cMAIN
082 _a361.954
100 _aGurumukh Ram Madan,
_eAuthor.,
245 _aIndian social problems
_bvolume 1 social disorganization
250 _a1st ed rep. /
_bV.I.
260 _aNew Delhi:
_bAllied publishers pvt limited,
_c2015.
300 _a590p.
653 _aSocial problems & social welfare in general
942 _cBK
999 _c9664
_d9664